[Event "Madrid ch Veteranos 2021"]
[Site "Madrid ESP"]
[Date "2021.04.13"]
[Round "6.7"]
[White "Vukotic Jovsic, Dragan"]
[Black "Villodre Miranda, Juan Alonso"]
[Result "1-0"]
[WhiteElo "1873"]
[BlackElo "1572"]
[PlyCount "105"]
[EventDate "2021.04.06"]
[EventType "swiss"]
[EventRounds "7"]
[EventCountry "ESP"]
[SourceTitle "Ajedrez en Madrid"]
[Source "lmi"]
[SourceDate "2021.04.06"]
[SourceVersion "1"]
[SourceVersionDate "2021.04.18"]
[SourceQuality "1"]

1. d4 g6 2. Bf4 Bg7 3. Nf3 c5 4. e3 cxd4 5. exd4 d5 6. Bb5+ Bd7 7. Qe2 a6 8.
Bxd7+ Qxd7 9. Nc3 b5 10. a3 Nc6 11. Ne5 Nxe5 12. Bxe5 Nf6 13. Qf3 O-O 14. O-O-O
a5 15. Bxf6 Bxf6 16. Qxd5 Qxd5 17. Nxd5 Bg5+ 18. f4 Bh6 19. Nxe7+ Kh8 20. g3 b4
21. a4 Ra6 22. Rhe1 Rd6 23. h4 Bg7 24. d5 Bf6 25. Nc6 Bd8 26. c4 bxc3 27. bxc3
Bb6 28. Rd3 Rc8 29. Kc2 Kg7 30. Rb1 Bf2 31. Nxa5 Ra8 32. Rb5 Rda6 33. Nc6 Rxa4
34. d6 Re8 35. d7 Re2+ 36. Kb3 Rea2 37. Nb4 R2a3+ 38. Kc4 Ra8 39. d8=Q Rxd8 40.
Rxd8 Bxg3 41. Rb7 Bxh4 42. Rdd7 Kh6 43. Rxf7 Kh5 44. Rxh7+ Kg4 45. Rbg7 Be1 46.
Rxg6+ Kf5 47. Rg8 Rxc3+ 48. Kd5 Kxf4 49. Rf7+ Ke3 50. Re8+ Kd2 51. Ra7 Rc1 52.
Ra2+ Kd1 53. Rxe1+ 1-0

[Event "Madrid ch Veteranos 2021"]
[Site "Madrid ESP"]
[Date "2021.04.13"]
[Round "6.8"]
[White "Garcia Sanz, Eduardo"]
[Black "Barahona Torrijos, Angel"]
[Result "0-1"]
[WhiteElo "1777"]
[BlackElo "1817"]
[PlyCount "84"]
[EventDate "2021.04.06"]
[EventType "swiss"]
[EventRounds "7"]
[EventCountry "ESP"]
[SourceTitle "Ajedrez en Madrid"]
[Source "lmi"]
[SourceDate "2021.04.06"]
[SourceVersion "1"]
[SourceVersionDate "2021.04.18"]
[SourceQuality "1"]

1. c4 e6 2. Nf3 d5 3. b3 c5 4. Bb2 d4 5. d3 Nc6 6. Nbd2 e5 7. g3 f5 8. Bg2 Nf6
9. O-O Bd6 10. e3 dxe3 11. fxe3 O-O 12. Nh4 Ng4 13. Bd5+ Kh8 14. Ng2 Nb4 15.
Qe2 Qg5 16. Nf3 Qh6 17. Bc1 Qh3 18. Ngh4 Be7 19. Qg2 Qxg2+ 20. Nxg2 Nxd3 21. e4
Nf6 22. Bg5 Nxd5 23. cxd5 Bd6 24. Nd2 h6 25. Nc4 hxg5 26. Nxd6 f4 27. Rf3 Nb4
28. gxf4 gxf4 29. Nh4 Rf6 30. Nhf5 Bxf5 31. Nxf5 Nxd5 32. Rh3+ Kg8 33. Rd1 Ne3
34. Rd7 Nxf5 35. exf5 Rxf5 36. Rxb7 e4 37. Re7 e3 38. Kf1 Rd8 39. Ke1 Rg5 40.
Re4 Rg1+ 41. Ke2 Rd2+ 42. Kf3 Rf2# 0-1

[Event "Madrid ch Veteranos 2021"]
[Site "Madrid ESP"]
[Date "2021.04.13"]
[Round "6.9"]
[White "De Luna Butz, Alberto"]
[Black "Martin Garcia, Luis I"]
[Result "1-0"]
[WhiteElo "1689"]
[BlackElo "1831"]
[PlyCount "121"]
[EventDate "2021.04.06"]
[EventType "swiss"]
[EventRounds "7"]
[EventCountry "ESP"]
[SourceTitle "Ajedrez en Madrid"]
[Source "lmi"]
[SourceDate "2021.04.06"]
[SourceVersion "1"]
[SourceVersionDate "2021.04.18"]
[SourceQuality "1"]

1. d4 d5 2. Bf4 Nf6 3. e3 e6 4. Nd2 Bd6 5. Bg3 Nbd7 6. Ngf3 Bxg3 7. hxg3 c5 8.
c3 Qc7 9. Bd3 b6 10. Qe2 Bb7 11. e4 dxe4 12. Nxe4 Rd8 13. Nxf6+ Nxf6 14. Bb5+
Ke7 15. O-O Bxf3 16. Qxf3 Rd5 17. Bc4 Rd6 18. dxc5 Qxc5 19. Bb3 Rhd8 20. Rad1
b5 21. Rxd6 Rxd6 22. Rd1 Rxd1+ 23. Bxd1 Qd5 24. Bb3 Qxf3 25. gxf3 Kd6 26. f4 a5
27. f3 Kc5 28. Kf2 a4 29. Bd1 a3 30. bxa3 Nd5 31. Bb3 Nxc3 32. Ke3 Nd5+ 33. Ke4
h5 34. f5 Kd6 35. fxe6 fxe6 36. f4 Nc3+ 37. Ke3 Nd5+ 38. Kf3 Nb6 39. Kg2 e5 40.
fxe5+ Kxe5 41. Bf7 h4 42. gxh4 Na4 43. Kf3 Nc3 44. Be8 Nb1 45. Bxb5 Nxa3 46.
Bd3 Kd4 47. Bg6 Nc4 48. h5 Ke5 49. a4 Na5 50. Ke3 Kd5 51. Kf4 Ke6 52. Ke4 Nc6
53. Kd3 Kd6 54. Kc4 Na7 55. a5 Kc6 56. Be8+ Kd6 57. a6 Nc8 58. Kb5 Kc7 59. Bg6
Kd6 60. Bf5 Na7+ 61. Kb6 1-0

[Event "Madrid ch Veteranos 2021"]
[Site "Madrid ESP"]
[Date "2021.04.13"]
[Round "6.10"]
[White "Ramos Antona, Enrique"]
[Black "Ureña Castellanos, Antonio"]
[Result "1-0"]
[WhiteElo "1471"]
[BlackElo "1621"]
[PlyCount "133"]
[EventDate "2021.04.06"]
[EventType "swiss"]
[EventRounds "7"]
[EventCountry "ESP"]
[SourceTitle "Ajedrez en Madrid"]
[Source "lmi"]
[SourceDate "2021.04.06"]
[SourceVersion "1"]
[SourceVersionDate "2021.04.18"]
[SourceQuality "1"]

1. d4 Nf6 2. Nf3 d5 3. g3 e6 4. Bg2 c5 5. O-O Nc6 6. e3 c4 7. c3 Bd6 8. Re1 O-O
9. Nbd2 b5 10. e4 Be7 11. e5 Nd7 12. Nf1 f5 13. exf6 Nxf6 14. Bh3 Ne4 15. Bg2
b4 16. N1d2 bxc3 17. Nxe4 cxb2 18. Bxb2 dxe4 19. Rxe4 Rb8 20. Bc3 Bf6 21. Qe2
Kh8 22. Qxc4 Bd7 23. Rae1 Re8 24. Bh3 Rc8 25. Qb3 e5 26. Bxd7 Qxd7 27. Nxe5
Nxe5 28. dxe5 Be7 29. Ba1 Qf5 30. Rf4 Qc2 31. Qxc2 Rxc2 32. a4 h6 33. Kg2 Kg8
34. e6 Rf8 35. Rxf8+ Kxf8 36. Re4 g5 37. Bd4 Ke8 38. Bxa7 Rc7 39. Be3 Bc5 40.
Bxc5 Rxc5 41. Kh3 h5 42. Kg2 Ke7 43. h3 Ra5 44. Kf3 Rf5+ 45. Ke3 Ra5 46. f4 Rc5
47. fxg5 Rxg5 48. Kf4 Ra5 49. h4 Rc5 50. g4 hxg4 51. Kxg4 Ra5 52. h5 Rc5 53. h6
Rc2 54. Kf5 Rh2 55. Kg6 Rg2+ 56. Kh7 Kf8 57. e7+ Ke8 58. Kh8 Rg5 59. Kh7 Rg3
60. Re5 Rg4 61. a5 Rg3 62. a6 Rg4 63. Re6 Rg5 64. Rg6 Re5 65. Rg7 Ra5 66. Kg8
Rxa6 67. h7 1-0

[Event "Madrid ch Veteranos 2021"]
[Site "Madrid ESP"]
[Date "2021.04.13"]
[Round "6.11"]
[White "Menendez Domens, Juan Manuel"]
[Black "Martinez Martinez, Javier II"]
[Result "0-1"]
[WhiteElo "1467"]
[BlackElo "1585"]
[PlyCount "72"]
[EventDate "2021.04.06"]
[EventType "swiss"]
[EventRounds "7"]
[EventCountry "ESP"]
[SourceTitle "Ajedrez en Madrid"]
[Source "lmi"]
[SourceDate "2021.04.06"]
[SourceVersion "1"]
[SourceVersionDate "2021.04.18"]
[SourceQuality "1"]

1. e4 e5 2. Nf3 Nc6 3. Bb5 a6 4. Ba4 Nf6 5. Nc3 b5 6. Bb3 Be7 7. a3 O-O 8. O-O
d6 9. h3 Be6 10. Ba2 Bxa2 11. Rxa2 d5 12. exd5 Nxd5 13. Ne2 Qd7 14. d3 Rad8 15.
Re1 Nf6 16. Bg5 e4 17. Nd2 exd3 18. Nc1 dxc2 19. Qxc2 Nd5 20. Bxe7 Ncxe7 21. b4
Rfe8 22. Ncb3 Ng6 23. Nf3 Rxe1+ 24. Nxe1 Ndf4 25. Kh2 Re8 26. Nc5 Qd6 27. Ne4
Qe5 28. Nf3 Qxe4 29. Qxc7 Nxg2 30. Qd7 Ne1 31. Nxe1 Qf4+ 32. Kg2 Rxe1 33. Qc8+
Nf8 34. Qxa6 Qe4+ 35. f3 Qe3 36. Qxb5 Qg1# 0-1

[Event "Madrid ch Veteranos 2021"]
[Site "Madrid ESP"]
[Date "2021.04.13"]
[Round "6.13"]
[White "Millan Tabuenca, Agustin"]
[Black "Salgado Duarte, Pablo"]
[Result "0-1"]
[WhiteElo "1136"]
[BlackElo "1472"]
[PlyCount "84"]
[EventDate "2021.04.06"]
[EventType "swiss"]
[EventRounds "7"]
[EventCountry "ESP"]
[SourceTitle "Ajedrez en Madrid"]
[Source "lmi"]
[SourceDate "2021.04.06"]
[SourceVersion "1"]
[SourceVersionDate "2021.04.18"]
[SourceQuality "1"]

1. d4 d5 2. Bf4 Nc6 3. e3 Nf6 4. Nf3 a6 5. Nbd2 h6 6. c3 Bg4 7. Qb3 b6 8. Ne5
Nxe5 9. Bxe5 e6 10. Bxa6 Nd7 11. Bb5 f6 12. Bg3 Be7 13. c4 dxc4 14. Bxc4 Nf8
15. Ne4 Bf5 16. Nd2 Bd6 17. e4 Bxg3 18. Qxg3 Bg6 19. O-O Qe7 20. Bb5+ Kd8 21.
Bc6 Ra5 22. Nc4 Rg5 23. Qb3 Be8 24. d5 Bxc6 25. dxc6 Qc5 26. Qa4 Ke7 27. Rfd1
Kf7 28. Rd8 b5 29. Qa8 bxc4 30. Qb7 Qe7 31. Rc8 Qd6 32. Rxc7+ Kg8 33. Rc8 Kh7
34. Rc1 Qd2 35. Rf1 Qd6 36. Rc7 Rg8 37. Qb8 Qe5 38. a4 Ng6 39. Qb6 Nh4 40. g3
Nf3+ 41. Kh1 Qxe4 42. Qe3 Qd5 0-1

[Event "Madrid ch Veteranos 2021"]
[Site "Madrid ESP"]
[Date "2021.04.13"]
[Round "6.15"]
[White "Carrillo Castano, Javier"]
[Black "Peñas Merino, Ramona"]
[Result "0-1"]
[WhiteElo "1392"]
[BlackElo "1434"]
[PlyCount "108"]
[EventDate "2021.04.06"]
[EventType "swiss"]
[EventRounds "7"]
[EventCountry "ESP"]
[SourceTitle "Ajedrez en Madrid"]
[Source "lmi"]
[SourceDate "2021.04.06"]
[SourceVersion "1"]
[SourceVersionDate "2021.04.18"]
[SourceQuality "1"]

1. e4 e6 2. Nf3 d5 3. exd5 exd5 4. d4 Bd6 5. g3 Ne7 6. Bg2 c6 7. O-O O-O 8.
Nbd2 Be6 9. b3 Ng6 10. c4 Re8 11. Bb2 Nd7 12. Re1 h6 13. a3 Nf6 14. c5 Bf8 15.
b4 b6 16. Qc2 Qd7 17. Rac1 Bf5 18. Qc3 b5 19. Rxe8 Rxe8 20. Re1 Ne4 21. Nxe4
Bxe4 22. Re3 Re6 23. Nd2 Bxg2 24. Kxg2 Be7 25. f4 Rxe3 26. Qxe3 Qf5 27. Nf3 Bf6
28. Qe8+ Nf8 29. Qxc6 Qc2+ 30. Kh3 Qxb2 31. Qxd5 Qxa3 32. Ne5 Bxe5 33. Qxe5 Qd3
34. c6 Qf1+ 35. Kg4 Qd1+ 36. Kf5 Qc2+ 37. Qe4 g6+ 38. Ke5 f6+ 39. Kd5 Qc4+ 40.
Kd6 Qxb4+ 41. Kc7 Qa5+ 42. Kc8 Qa6+ 43. Kd8 Qb6+ 44. c7 Qd6+ 45. Kc8 f5 46. Qb7
Ne6 47. d5 Nxc7 48. Qxc7 Qxd5 49. Qxa7 Qc4+ 50. Kd8 b4 51. Qa1 Qc3 52. Qe1 Qd4+
53. Kc7 Qc3+ 54. Kb6 Qxe1 0-1

[Event "Madrid ch Veteranos 2021"]
[Site "Madrid ESP"]
[Date "2021.04.13"]
[Round "6.16"]
[White "Perales Hernandez, Manuel"]
[Black "Garcia Granja, Jose"]
[Result "0-1"]
[WhiteElo "1337"]
[BlackElo "1041"]
[PlyCount "108"]
[EventDate "2021.04.06"]
[EventType "swiss"]
[EventRounds "7"]
[EventCountry "ESP"]
[SourceTitle "Ajedrez en Madrid"]
[Source "lmi"]
[SourceDate "2021.04.06"]
[SourceVersion "1"]
[SourceVersionDate "2021.04.18"]
[SourceQuality "1"]

1. e4 c5 2. Nc3 d6 3. h3 Nc6 4. Nf3 Nf6 5. Bb5 Bd7 6. Qe2 a6 7. Bc4 e6 8. a3 b5
9. Ba2 Be7 10. d3 O-O 11. Bd2 Rb8 12. e5 dxe5 13. Nxe5 Bd6 14. Ng4 Nd4 15.
Nxf6+ Qxf6 16. Qd1 Qg6 17. Kf1 Bc6 18. f3 Rbe8 19. Ne4 Be7 20. c3 Nf5 21. Be1
Ne3+ 22. Ke2 Nxd1 23. Rxd1 Qxg2+ 24. Bf2 Qg6 25. Nxc5 Qf5 26. Ne4 Rd8 27. Rdg1
Rd7 28. Be3 g6 29. Rg4 Bxe4 30. fxe4 Qh5 31. c4 Bc5 32. Bf4 Rfd8 33. Bg5 Re8
34. cxb5 Kf8 35. Kd2 f5 36. exf5 exf5 37. Rg2 axb5 38. Bb1 Qf3 39. Rhh2 Be3+
40. Bxe3 Qxe3+ 41. Kd1 Qe1+ 42. Kc2 Rc8+ 43. Kb3 Qxb1 44. Rd2 Rxd3+ 45. Rxd3
Qxd3+ 46. Ka2 Rc2 47. Rxc2 Qxc2 48. h4 f4 49. h5 f3 50. hxg6 hxg6 51. a4 f2 52.
axb5 f1=Q 53. Ka3 Qa1+ 54. Kb4 Qaa4# 0-1

[Event "Madrid ch Veteranos 2021"]
[Site "Madrid ESP"]
[Date "2021.04.13"]
[Round "6.17"]
[White "Suarez Mencia, Roberto"]
[Black "Plaza Plaza, Prudencio"]
[Result "0-1"]
[WhiteElo "1364"]
[BlackElo "1265"]
[PlyCount "80"]
[EventDate "2021.04.06"]
[EventType "swiss"]
[EventRounds "7"]
[EventCountry "ESP"]
[SourceTitle "Ajedrez en Madrid"]
[Source "lmi"]
[SourceDate "2021.04.06"]
[SourceVersion "1"]
[SourceVersionDate "2021.04.18"]
[SourceQuality "1"]

1. c4 Nf6 2. g3 e6 3. Bg2 d5 4. cxd5 exd5 5. e3 Bf5 6. Nc3 c6 7. d4 Na6 8. a3
Nc7 9. Nge2 Bd6 10. O-O O-O 11. b4 b5 12. f3 Re8 13. Kh1 Qd7 14. Rf2 Bh3 15.
Qf1 Bxg2+ 16. Qxg2 a5 17. bxa5 Rxa5 18. e4 b4 19. Nb1 dxe4 20. fxe4 Nxe4 21.
Rf1 Nb5 22. Nf4 bxa3 23. Re1 Bxf4 24. gxf4 Qd5 25. Be3 a2 26. Nd2 Nxd2 27. Qxd5
cxd5 28. Bxd2 Rxe1+ 29. Bxe1 Ra4 30. Bf2 f6 31. Kg2 Nxd4 32. Bxd4 Rxd4 33. Rxa2
Rxf4 34. Kg3 g5 35. Ra7 h5 36. Rd7 h4+ 37. Kh3 d4 38. Rd6 Kf7 39. Rd5 Ke6 40.
Rd8 Kf5 0-1

[Event "Madrid ch Veteranos 2021"]
[Site "Madrid ESP"]
[Date "2021.04.14"]
[Round "7.1"]
[White "Luque Ibañes, Manuel"]
[Black "Cabañas Bravo, Juan Andres"]
[Result "1/2-1/2"]
[WhiteElo "1949"]
[BlackElo "1971"]
[PlyCount "93"]
[EventDate "2021.04.06"]
[EventType "swiss"]
[EventRounds "7"]
[EventCountry "ESP"]
[SourceTitle "Ajedrez en Madrid"]
[Source "lmi"]
[SourceDate "2021.04.06"]
[SourceVersion "1"]
[SourceVersionDate "2021.04.18"]
[SourceQuality "1"]

1. Nf3 Nf6 2. d4 c5 3. c3 g6 4. g3 Bg7 5. Bg2 cxd4 6. cxd4 d5 7. Nc3 O-O 8. O-O
Nbd7 9. Qb3 Nb6 10. Ne5 Be6 11. a4 Ne4 12. Qb4 a5 13. Qb5 Nd6 14. Qd3 Rc8 15.
b3 f6 16. Nf3 Bf5 17. Qd2 Nf7 18. Nh4 Bh6 19. e3 Bg4 20. h3 Be6 21. f4 g5 22.
Nf3 g4 23. hxg4 Bxg4 24. Nh2 Qd7 25. Nxg4 Qxg4 26. Nxd5 Nxd5 27. Bxd5 Qxg3+ 28.
Qg2 Qxg2+ 29. Kxg2 Rc2+ 30. Kf3 Rd8 31. Bc4 Rh2 32. Ba3 Rh3+ 33. Ke2 Rh2+ 34.
Rf2 Rxf2+ 35. Kxf2 Rd7 36. Rh1 Bg7 37. Rc1 Kf8 38. Be6 Rd8 39. Rc7 Re8 40. Rxb7
Nd8 41. Rb6 Nxe6 42. Rxe6 Kf7 43. Ra6 Rb8 44. Rxa5 Rxb3 45. Bc5 Rb2+ 46. Kf3 e5
47. Ra7+ 1/2-1/2

[Event "Madrid ch Veteranos 2021"]
[Site "Madrid ESP"]
[Date "2021.04.14"]
[Round "7.2"]
[White "Elissalt Cardenas, Hector"]
[Black "Gonzalez Rivera, Eduardo"]
[Result "1-0"]
[WhiteElo "2286"]
[BlackElo "2017"]
[PlyCount "101"]
[EventDate "2021.04.06"]
[EventType "swiss"]
[EventRounds "7"]
[EventCountry "ESP"]
[SourceTitle "Ajedrez en Madrid"]
[Source "lmi"]
[SourceDate "2021.04.06"]
[SourceVersion "1"]
[SourceVersionDate "2021.04.18"]
[SourceQuality "1"]

1. c4 e5 2. Nc3 Nf6 3. g3 d5 4. cxd5 Nxd5 5. Bg2 Nb6 6. Nf3 Nc6 7. d3 Bb4 8.
O-O O-O 9. Bd2 Bg4 10. Rc1 Qe7 11. Ne4 Bxd2 12. Qxd2 Bxf3 13. Bxf3 Nd4 14. Bg2
c6 15. e3 Ne6 16. Qa5 f5 17. Nc5 Nxc5 18. Qxc5 Qxc5 19. Rxc5 Nd7 20. Rc3 Rad8
21. Rfc1 Nf6 22. Rb3 Rf7 23. Kf1 Rfd7 24. Ke2 e4 25. d4 g6 26. Ke1 Kf8 27. Ra3
a6 28. Bf1 Nd5 29. Rb3 Ke7 30. h4 h5 31. Bc4 Kd6 32. Ke2 Nf6 33. Rbc3 Rc8 34.
b4 Rdc7 35. a3 Nd5 36. R3c2 Nf6 37. Ba2 Nd5 38. Rb2 Nb6 39. Bb3 Nd5 40. Rc5 Rd8
41. Rb1 Ra8 42. Rbc1 Rac8 43. Kd2 Ne7 44. Re5 Nd5 45. a4 b5 46. axb5 axb5 47.
Bxd5 cxd5 48. Rc5 Rxc5 49. bxc5+ Rxc5 50. dxc5+ Kxe5 51. Kc3 1-0

[Event "Madrid ch Veteranos 2021"]
[Site "Madrid ESP"]
[Date "2021.04.14"]
[Round "7.3"]
[White "Pashov, Spas Nikolov"]
[Black "Barez Menendez, Hector"]
[Result "1-0"]
[WhiteElo "1777"]
[BlackElo "2103"]
[PlyCount "135"]
[EventDate "2021.04.06"]
[EventType "swiss"]
[EventRounds "7"]
[EventCountry "ESP"]
[SourceTitle "Ajedrez en Madrid"]
[Source "lmi"]
[SourceDate "2021.04.06"]
[SourceVersion "1"]
[SourceVersionDate "2021.04.18"]
[SourceQuality "1"]

1. e4 e5 2. Nf3 Nc6 3. c3 d5 4. Qa4 f6 5. Bb5 Nge7 6. exd5 Qxd5 7. O-O e4 8.
Ne1 Bd7 9. d3 a6 10. Bxc6 Bxc6 11. dxe4 Bxa4 12. exd5 Bb5 13. d6 cxd6 14. Nf3
Bxf1 15. Kxf1 Nc6 16. Nbd2 d5 17. Nb3 Kf7 18. Be3 Be7 19. Rd1 Rhd8 20. h3 Ne5
21. Nfd4 Nc4 22. Bc1 g6 23. a3 Rac8 24. Nd2 Nxd2+ 25. Bxd2 Bc5 26. Nb3 Bb6 27.
Bf4 Rc4 28. Be3 Bxe3 29. fxe3 Re4 30. Kf2 Rde8 31. Rd3 b6 32. g3 h5 33. Nd2
R4e7 34. Nf3 g5 35. Nd4 Kg6 36. Nc6 Re4 37. Nb4 d4 38. cxd4 a5 39. Nd5 Rc8 40.
Nc3 Re7 41. Rd2 f5 42. Nd5 Re6 43. h4 Rd8 44. Nc3 Rde8 45. Nd5 Rd6 46. Nc3 gxh4
47. gxh4 Kf7 48. Ne2 Rg8 49. Ng3 Rg4 50. Nxh5 Rxh4 51. Nf4 Rh2+ 52. Ng2 Rg6 53.
Kf3 Ke7 54. Re2 Rg4 55. b3 Kd6 56. Rc2 Rh3+ 57. Kf2 f4 58. b4 fxe3+ 59. Nxe3
Rh2+ 60. Kf3 Rxc2 61. Nxc2 Rg1 62. bxa5 bxa5 63. Ne3 Rc1 64. Ke2 a4 65. Kd3 Kc6
66. Nc4 Rb1 67. Kc2 Rb3 68. Na5+ 1-0

[Event "Madrid ch Veteranos 2021"]
[Site "Madrid ESP"]
[Date "2021.04.14"]
[Round "7.5"]
[White "Barahona Torrijos, Angel"]
[Black "Garcia Martin, Esteban"]
[Result "0-1"]
[WhiteElo "1817"]
[BlackElo "1891"]
[PlyCount "60"]
[EventDate "2021.04.06"]
[EventType "swiss"]
[EventRounds "7"]
[EventCountry "ESP"]
[SourceTitle "Ajedrez en Madrid"]
[Source "lmi"]
[SourceDate "2021.04.06"]
[SourceVersion "1"]
[SourceVersionDate "2021.04.18"]
[SourceQuality "1"]

1. d4 Nf6 2. f3 d5 3. c4 e6 4. Bg5 Be7 5. Nc3 c5 6. dxc5 d4 7. Bxf6 Bxf6 8. Ne4
Be7 9. Qd2 O-O 10. O-O-O e5 11. f4 Nc6 12. Nf3 b6 13. cxb6 Bb4 14. Qd3 f5 15.
Neg5 e4 16. Qb3 exf3 17. a3 axb6 18. c5+ Kh8 19. axb4 Qe7 20. exf3 bxc5 21. Bc4
Nxb4 22. Rhe1 Ra1+ 23. Kd2 Rxd1+ 24. Kxd1 Qd8 25. Nf7+ Rxf7 26. Bxf7 Bd7 27.
Re5 Qa5 28. Be6 Ba4 29. Ke2 Bxb3 30. Bxb3 Qb5+ 0-1

[Event "Madrid ch Veteranos 2021"]
[Site "Madrid ESP"]
[Date "2021.04.14"]
[Round "7.6"]
[White "De Luna Butz, Alberto"]
[Black "Vukotic Jovsic, Dragan"]
[Result "0-1"]
[WhiteElo "1689"]
[BlackElo "1873"]
[PlyCount "102"]
[EventDate "2021.04.06"]
[EventType "swiss"]
[EventRounds "7"]
[EventCountry "ESP"]
[SourceTitle "Ajedrez en Madrid"]
[Source "lmi"]
[SourceDate "2021.04.06"]
[SourceVersion "1"]
[SourceVersionDate "2021.04.18"]
[SourceQuality "1"]

1. d4 d5 2. Bf4 Nf6 3. e3 e6 4. Nd2 Bd6 5. Bxd6 Qxd6 6. f4 c5 7. c3 O-O 8. Bd3
cxd4 9. cxd4 b6 10. Qe2 Nc6 11. a3 a5 12. Ngf3 Nb8 13. O-O Ba6 14. Bxa6 Nxa6
15. Rac1 Nc7 16. Ne5 Rab8 17. Rc6 Qe7 18. Rfc1 Rb7 19. b4 axb4 20. axb4 Ra8 21.
Qd3 Nfe8 22. Qb3 Nb5 23. Nb1 Ned6 24. R6c2 f6 25. Nd3 Rba7 26. Re2 Nc4 27. Nb2
Nxb2 28. Rxb2 Na3 29. Nd2 Nb5 30. Qd3 Nd6 31. b5 Ra3 32. Rb3 Rxb3 33. Nxb3 Ra3
34. Ra1 Qa7 35. Rxa3 Qxa3 36. Kf2 Qb4 37. Qc2 Qxb5 38. Nd2 Nc4 39. Nxc4 dxc4
40. Qa2 Qd5 41. Qa7 Qc6 42. Ke1 c3 43. Kd1 Qc4 44. Qxb6 Qd3+ 45. Ke1 Qxe3+ 46.
Kf1 Qxf4+ 47. Ke2 c2 48. Qd8+ Kf7 49. Qd7+ Kg6 50. Qxe6 c1=Q 51. Qe8+ Kh6 0-1

[Event "Madrid ch Veteranos 2021"]
[Site "Madrid ESP"]
[Date "2021.04.14"]
[Round "7.7"]
[White "Martinez Martinez, Javier II"]
[Black "Marin Aso, Jose Luis"]
[Result "0-1"]
[WhiteElo "1585"]
[BlackElo "1910"]
[PlyCount "82"]
[EventDate "2021.04.06"]
[EventType "swiss"]
[EventRounds "7"]
[EventCountry "ESP"]
[SourceTitle "Ajedrez en Madrid"]
[Source "lmi"]
[SourceDate "2021.04.06"]
[SourceVersion "1"]
[SourceVersionDate "2021.04.18"]
[SourceQuality "1"]

1. d4 Nf6 2. Nf3 g6 3. g3 Bg7 4. Bg2 O-O 5. O-O d6 6. c4 Nc6 7. Nc3 a6 8. e4
Bg4 9. Be3 Qd7 10. Qb3 Rab8 11. Nd2 Bh3 12. Rad1 Bxg2 13. Kxg2 Ng4 14. Bf4 Nxd4
15. Qa3 e5 16. Be3 Nc2 17. Qb3 Ncxe3+ 18. fxe3 Nxe3+ 19. Kg1 Nxf1 20. Nxf1 Qc6
21. Nd5 Qc5+ 22. Kg2 c6 23. Nb6 Rbd8 24. Na4 Qa5 25. Nc3 b5 26. Ne3 Kh8 27.
cxb5 axb5 28. Rf1 b4 29. Nb1 d5 30. exd5 cxd5 31. Nd2 d4 32. Ng4 Qd5+ 33. Qxd5
Rxd5 34. Nf6 Bxf6 35. Rxf6 Kg7 36. Rb6 f5 37. Rxb4 e4 38. a4 e3 39. Nf3 d3 40.
Kf1 d2 41. Nxd2 exd2 0-1

[Event "Madrid ch Veteranos 2021"]
[Site "Madrid ESP"]
[Date "2021.04.14"]
[Round "7.9"]
[White "Martin Garcia, Francisco Javier"]
[Black "Garcia Sanz, Eduardo"]
[Result "0-1"]
[WhiteElo "1428"]
[BlackElo "1777"]
[PlyCount "68"]
[EventDate "2021.04.06"]
[EventType "swiss"]
[EventRounds "7"]
[EventCountry "ESP"]
[SourceTitle "Ajedrez en Madrid"]
[Source "lmi"]
[SourceDate "2021.04.06"]
[SourceVersion "1"]
[SourceVersionDate "2021.04.18"]
[SourceQuality "1"]

1. d4 d5 2. Nf3 e6 3. g3 c5 4. Bg2 Nf6 5. O-O Nc6 6. c4 Be7 7. Nc3 O-O 8. e3 a6
9. a4 dxc4 10. dxc5 Qa5 11. Qc2 Qxc5 12. e4 e5 13. Be3 Nd4 14. Qb1 Bg4 15. Nd2
Rfd8 16. Kh1 Rac8 17. Rc1 Qb4 18. h3 Be6 19. Bf1 Nb3 20. Nxb3 cxb3 21. Rd1 Rxd1
22. Qxd1 Rxc3 23. bxc3 Qxe4+ 24. Bg2 Qc4 25. Bf1 Bd5+ 26. f3 Qxc3 27. Rc1 Qxe3
28. Rc8+ Bf8 29. Bg2 b2 30. Kh2 Qd4 31. Qc2 Ba2 32. h4 b1=Q 33. Qc7 Qbg1+ 34.
Kh3 Be6+ 0-1

[Event "Madrid ch Veteranos 2021"]
[Site "Madrid ESP"]
[Date "2021.04.14"]
[Round "7.10"]
[White "Perez Pascual, Arturo"]
[Black "Villodre Miranda, Juan Alonso"]
[Result "0-1"]
[WhiteElo "1742"]
[BlackElo "1572"]
[PlyCount "42"]
[EventDate "2021.04.06"]
[EventType "swiss"]
[EventRounds "7"]
[EventCountry "ESP"]
[SourceTitle "Ajedrez en Madrid"]
[Source "lmi"]
[SourceDate "2021.04.06"]
[SourceVersion "1"]
[SourceVersionDate "2021.04.18"]
[SourceQuality "1"]

1. e4 e5 2. Nf3 d6 3. Bc4 c5 4. h3 g6 5. d3 h6 6. Nc3 Bg7 7. Nd5 Ne7 8. Ne3
Nbc6 9. c3 O-O 10. a3 a5 11. Bd2 Kh7 12. Qe2 f5 13. g3 f4 14. gxf4 exf4 15. Ng2
d5 16. Bb5 g5 17. O-O-O dxe4 18. dxe4 Qb6 19. e5 Na7 20. h4 g4 21. Ng5+ hxg5
0-1

[Event "Madrid ch Veteranos 2021"]
[Site "Madrid ESP"]
[Date "2021.04.14"]
[Round "7.12"]
[White "Martin Garcia, Luis I"]
[Black "Peñas Merino, Ramona"]
[Result "1/2-1/2"]
[WhiteElo "1831"]
[BlackElo "1434"]
[PlyCount "72"]
[EventDate "2021.04.06"]
[EventType "swiss"]
[EventRounds "7"]
[EventCountry "ESP"]
[SourceTitle "Ajedrez en Madrid"]
[Source "lmi"]
[SourceDate "2021.04.06"]
[SourceVersion "1"]
[SourceVersionDate "2021.04.18"]
[SourceQuality "1"]

1. e4 e6 2. d4 d5 3. Nc3 Nf6 4. Bg5 Be7 5. e5 Nfd7 6. h4 a6 7. Qg4 Bxg5 8. hxg5
c5 9. g6 f5 10. exf6 Nxf6 11. Qf4 cxd4 12. Qxd4 Nc6 13. Qd3 h6 14. Nf3 O-O 15.
O-O-O Bd7 16. Nd4 Nxd4 17. Qxd4 b5 18. f3 Re8 19. f4 Rb8 20. Bd3 b4 21. Ne2 a5
22. Rdg1 Bb5 23. g4 Bxd3 24. cxd3 Qb6 25. g5 Qxd4 26. Nxd4 hxg5 27. fxg5 Nd7
28. Nf3 a4 29. Rh4 Kf8 30. Rf4+ Kg8 31. Rh1 e5 32. Rfh4 Kf8 33. d4 e4 34. Rf4+
Kg8 35. Rfh4 Kf8 36. Rf4+ Kg8 1/2-1/2

[Event "Madrid ch Veteranos 2021"]
[Site "Madrid ESP"]
[Date "2021.04.14"]
[Round "7.13"]
[White "Ureña Castellanos, Antonio"]
[Black "Menendez Domens, Juan Manuel"]
[Result "0-1"]
[WhiteElo "1621"]
[BlackElo "1467"]
[PlyCount "84"]
[EventDate "2021.04.06"]
[EventType "swiss"]
[EventRounds "7"]
[EventCountry "ESP"]
[SourceTitle "Ajedrez en Madrid"]
[Source "lmi"]
[SourceDate "2021.04.06"]
[SourceVersion "1"]
[SourceVersionDate "2021.04.18"]
[SourceQuality "1"]

1. d4 d5 2. Nf3 Nc6 3. e3 Nf6 4. Bb5 Bd7 5. c4 a6 6. Bxc6 Bxc6 7. c5 b6 8. Ne5
Bb5 9. a4 Bd7 10. b4 c6 11. O-O g6 12. Nc3 Bg7 13. f4 O-O 14. Rb1 b5 15. a5 Be8
16. Ne2 Nd7 17. Nxc6 Qc7 18. Ne5 Nxe5 19. fxe5 Bd7 20. Nf4 Qc6 21. Bd2 f6 22.
exf6 Rxf6 23. h4 Bf5 24. Rb2 Raf8 25. g4 Be4 26. g5 Rf5 27. Be1 e5 28. Bg3 exf4
29. Bxf4 h6 30. Rh2 hxg5 31. hxg5 Kf7 32. Bd6 Rh8 33. Rxf5+ Bxf5 34. Rxh8 Bxh8
35. Qe1 Qe8 36. Qg3 Qe4 37. Kh2 Qc2+ 38. Kg1 Qb1+ 39. Kh2 Qxb4 40. Qf3 Ke6 41.
Kg3 Qe1+ 42. Kf4 Qh4+ 0-1